000 00512nam a2200193Ia 4500
003 GCL
008 140319s9999 xx 000 0 eng d
040 _aGCL /
_cGCL
082 0 4 _a410
_bO C
100 1 _aKATAMBA, FRANCIS
245 1 0 _aCONTEMPARARY LINGUISTICS: INTRODUCTION /
_cKATAMBA, FRANCIS
700 1 _aO,GRADY,WILLIAM
700 1 _aDOLOUALSKY, MICHAEL
260 _a[S.N] :
_bLONG MAN ،
_c1997
300 _a755 P
650 0 4 _aLINGUISTICS
650 0 4 _aLINGUISTICS - ANALYSIS
942 _2ddc
_cBK
999 _c15728
_d15728